000 00519nam a22001811a 4500
001 10297
003 OSt
005 20260204212154.0
008 081024s1997||||sp ||||||b||||||||||spa||
050 _a340.56 G165s
100 _aGarcía Pastor, Milagros
245 _aLa situación jurídica a los hijos cuyos padres no conviven: aspectos personales / Milagros García Pastor
264 _aEspaña : McGraw-Hill
300 _a295 p
500 _aIncluye bibliografía
650 _aDerecho CivilÌ
942 _2ddc
_cBK
999 _c10297
_d10297